[Event "FRA-chT2 0910"]
[Site "France"]
[Date "2009.11.22"]
[Round "4.5"]
[White "Iverieli, Luca"]
[Black "Schmitt, Fabien"]
[Result "1/2-1/2"]
[WhiteElo "2138"]
[BlackElo "2145"]
[PlyCount "96"]
[EventDate "2009.09.27"]
[EventType "team-tourn"]
[EventRounds "11"]
[EventCountry "FRA"]
[SourceTitle "EXT 2011"]
[Source "ChessBase"]
[SourceDate "2010.11.26"]
[SourceVersion "1"]
[SourceVersionDate "2010.11.26"]
[SourceQuality "1"]

1. d4 Nf6 2. c4 e6 3. Nc3 d5 4. Bg5 Be7 5. e3 Nbd7 6. Nf3 h6 7. Bh4 0-0 8. Rc1 b6 9. cxd5 exd5 10. Bd3 Bb7 11. Bxf6 Nxf6 12. 0-0 c5 13. Qa4 Bd6 14. Ba6 Qc8 15. Bxb7 Qxb7 16. dxc5 bxc5 17. Qc2 Rab8 18. b3 Rfd8 19. Rfd1 Rd7 20. Qf5 Rbd8 21. g3 Be7 22. Ne5 Rc7 23. Qf3 g6 24. Rc2 d4 25. Qxb7 Rxb7 26. Nc6 Rc8 27. Nxe7+ Rxe7 28. exd4 cxd4 29. Rxd4 Rec7 30. Rf4 Nh5 31. Rc4 Rxc4 32. bxc4 Rxc4 33. Kf1 f5 34. Ke2 Kf7 35. Kd3 Rc7 36. Rb2 Nf6 37. f3 Ke6 38. a4 Nd7 39. Re2+ Kf7 40. Nb5 Rc6 41. Nxa7 Ra6 42. Nc8 Nc5+ 43. Kd4 Ne6+ 44. Kd5 Ra5+ 45. Kd6 Rxa4 46. Kd7 Nf8+ 47. Kc6 Rc4+ 48. Kb7 Rb4+ 1/2-1/2

[Event "FRA-chT2 0910"]
[Site "France"]
[Date "2009.10.18"]
[Round "3.6"]
[White "Hoffmann, Regis"]
[Black "Iverieli, Luca"]
[Result "1-0"]
[WhiteElo "2108"]
[BlackElo "2138"]
[PlyCount "123"]
[EventDate "2009.09.27"]
[EventType "team-tourn"]
[EventRounds "11"]
[EventCountry "FRA"]
[SourceTitle "EXT 2011"]
[Source "ChessBase"]
[SourceDate "2010.11.26"]
[SourceVersion "1"]
[SourceVersionDate "2010.11.26"]
[SourceQuality "1"]

1. d4 Nf6 2. Bg5 g6 3. Bxf6 exf6 4. e3 Bg7 5. Ne2 b6 6. c4 0-0 7. Nbc3 a5 8. Nf4 Bb7 9. h4 Bh6 10. Qg4 Bxf4 11. Qxf4 d6 12. Bd3 Nd7 13. 0-0-0 Re8 14. Rh2 Nf8 15. g4 d5 16. g5 f5 17. Rg1 dxc4 18. Bxc4 Qd6 19. Qxd6 cxd6 20. Bd5 Re7 21. h5 Kh8 22. Bxb7 Rxb7 23. Nd5 b5 24. Kd2 b4 25. Rc1 Rd8 26. f4 Ne6 27. Kd3 Kg7 28. h6+ Kh8 29. b3 Rb5 30. Nf6 a4 31. Rhc2 axb3 32. axb3 Rbb8 33. Rc6 Ra8 34. Rb6 Ra2 35. Rxb4 Nc5+ 36. Kc4 Na6 37. Rb7 Rc8+ 38. Kb5 Rxc1 39. Rxf7 Nc7+ 40. Kb6 Na8+ 41. Kb7 Rc7+ 42. Rxc7 Nxc7 43. Kxc7 Rb2 44. Kxd6 Rxb3 45. Nd5 Kg8 46. Nf6+ Kh8 47. e4 Rb6+ 48. Ke5 fxe4 49. Nxe4 Rb8 50. Nf6 Rb4 51. Ne4 Kg8 52. d5 Rb5 53. Ke6 Rb4 54. Nf6+ Kh8 55. d6 Rb6 56. Nd5 Rb8 57. d7 Rf8 58. Kd6 Ra8 59. Nb6 Rf8 60. Kc7 Rf7 61. Kc8 Rf8+ 62. d8Q 1-0